MARC details
| 000 -LEADER |
| fixed length control field |
01697cam a2200421 a 4500 |
| 001 - CONTROL NUMBER |
| control field |
4034559 |
| 003 - CONTROL NUMBER IDENTIFIER |
| control field |
EG-ScBUE |
| 005 - DATE AND TIME OF LATEST TRANSACTION |
| control field |
20220116100021.0 |
| 008 - FIXED-LENGTH DATA ELEMENTS--GENERAL INFORMATION |
| fixed length control field |
981109s1999 enk f b f001 0deng d |
| 020 ## - INTERNATIONAL STANDARD BOOK NUMBER |
| International Standard Book Number |
052166036X |
| 020 ## - INTERNATIONAL STANDARD BOOK NUMBER |
| International Standard Book Number |
9780521660365 |
| 040 ## - CATALOGING SOURCE |
| Original cataloging agency |
DLC |
| Language of cataloging |
eng |
| Description conventions |
rda |
| Transcribing agency |
DLC |
| Modifying agency |
DLC |
| -- |
EG-ScBUE |
| 043 ## - GEOGRAPHIC AREA CODE |
| Geographic area code |
e-ie--- |
| 082 04 - DEWEY DECIMAL CLASSIFICATION NUMBER |
| Classification number |
823.912 |
| Item number |
BOH |
| Edition number |
22 |
| 100 1# - MAIN ENTRY--PERSONAL NAME |
| Personal name |
Boheemen, Christine van, |
| Relator term |
author. |
| 9 (RLIN) |
37214 |
| 245 10 - TITLE STATEMENT |
| Title |
Joyce, Derrida, Lacan, and the trauma of history : |
| Remainder of title |
reading, narrative and postcolonialism / |
| Statement of responsibility, etc |
Christine van Boheemen-Saaf. |
| 264 #1 - PUBLICATION, DISTRIBUTION, ETC. (IMPRINT) |
| Place of publication, distribution, etc |
Cambridge : |
| Name of publisher, distributor, etc |
Cambridge University Press, |
| Date of publication, distribution, etc |
1999. |
| 300 ## - PHYSICAL DESCRIPTION |
| Extent |
x, 227 pages ; |
| Dimensions |
24 cm |
| 336 ## - CONTENT TYPE |
| Source |
rdacontent |
| Content type term |
text |
| Content type code |
txt |
| 337 ## - MEDIA TYPE |
| Source |
rdamedia |
| Media type term |
unmediated |
| Media type code |
n |
| 338 ## - CARRIER TYPE |
| Source |
rdacarrier |
| Carrier type term |
volume |
| Carrier type code |
nc |
| 504 ## - BIBLIOGRAPHY, ETC. NOTE |
| Bibliography, etc |
Includes bibliographical references and index. |
| 600 17 - SUBJECT ADDED ENTRY--PERSONAL NAME |
| Personal name |
Joyce, James, |
| Dates associated with a name |
1882-1941 |
| General subdivision |
Knowledge |
| -- |
History. |
| Source of heading or term |
BUEsh |
| 9 (RLIN) |
37215 |
| 600 17 - SUBJECT ADDED ENTRY--PERSONAL NAME |
| Personal name |
Lacan, Jacques, |
| Dates associated with a name |
1901-1981. |
| Source of heading or term |
BUEsh |
| 9 (RLIN) |
37216 |
| 600 17 - SUBJECT ADDED ENTRY--PERSONAL NAME |
| Personal name |
Joyce, James, |
| Dates associated with a name |
1882-1941 |
| General subdivision |
Knowledge |
| -- |
Psychology. |
| Source of heading or term |
BUEsh |
| 9 (RLIN) |
37217 |
| 600 17 - SUBJECT ADDED ENTRY--PERSONAL NAME |
| Personal name |
Derrida, Jacques. |
| Source of heading or term |
BUEsh |
| 9 (RLIN) |
37218 |
| 650 #7 - SUBJECT ADDED ENTRY--TOPICAL TERM |
| Topical term or geographic name as entry element |
Psychoanalysis and literature |
| Geographic subdivision |
Ireland. |
| Source of heading or term |
BUEsh |
| 9 (RLIN) |
37219 |
| 650 #7 - SUBJECT ADDED ENTRY--TOPICAL TERM |
| Topical term or geographic name as entry element |
Psychological fiction, English |
| General subdivision |
History and criticism. |
| Source of heading or term |
BUEsh |
| 9 (RLIN) |
37220 |
| 650 #7 - SUBJECT ADDED ENTRY--TOPICAL TERM |
| Topical term or geographic name as entry element |
Literature and history |
| Geographic subdivision |
Ireland |
| General subdivision |
History |
| Chronological subdivision |
20th century. |
| Source of heading or term |
BUEsh |
| 9 (RLIN) |
37221 |
| 650 #7 - SUBJECT ADDED ENTRY--TOPICAL TERM |
| Topical term or geographic name as entry element |
Postmodernism (Literature) |
| Geographic subdivision |
Ireland. |
| Source of heading or term |
BUEsh |
| 9 (RLIN) |
37222 |
| 650 #7 - SUBJECT ADDED ENTRY--TOPICAL TERM |
| Topical term or geographic name as entry element |
Psychic trauma in literature. |
| Source of heading or term |
BUEsh |
| 9 (RLIN) |
37223 |
| 650 #7 - SUBJECT ADDED ENTRY--TOPICAL TERM |
| Topical term or geographic name as entry element |
Postcolonialism in literature. |
| Source of heading or term |
BUEsh |
| 9 (RLIN) |
37224 |
| 650 #7 - SUBJECT ADDED ENTRY--TOPICAL TERM |
| Topical term or geographic name as entry element |
Colonies in literature. |
| Source of heading or term |
BUEsh |
| 9 (RLIN) |
37225 |
| 651 ## - SUBJECT ADDED ENTRY--GEOGRAPHIC NAME |
| Source of heading or term |
BUEsh |
| 653 ## - INDEX TERM--UNCONTROLLED |
| Arrived date list |
January2015 |
| Resource For college |
Humanities: English |
| 655 ## - INDEX TERM--GENRE/FORM |
| Form subdivision |
Reading book |
| 9 (RLIN) |
34232 |
| 942 ## - ADDED ENTRY ELEMENTS (KOHA) |
| Source of classification or shelving scheme |
Dewey Decimal Classification |
| Call number prefix |
823.912 BOH |
| Koha item type |
Book - Borrowing |